000 00643nam a2200229Ia 4500
003 OSt
005 20221007073128.0
006 a|||||r|||| 00| 0
007 ta
008 221006b |||||||| |||| 00| 0 eng d
024 _a14,881
037 _cTextual
040 _aFLL
_cFLL
_beng
041 _2eng
_aeng
082 _aX:9:Z3, K91
100 _aWedderburn K.W.
_9269851
245 0 _aEmployment grievances and disputes procedures in
260 _aLos
_bAngeles University of California Press Los Ageles
_c1969
300 _a301p
_ccm.
942 _hX:9:Z3, K91
_cTEXL
_2CC
999 _c1147742
_d1147742